000 00788cam a2200265 4500
008 090401t1994 xxu||||| |||| 00| 0 eng d
020 _a0851256236
035 _a(Sirsi) u37426
041 _aeng
050 _a693.54
100 _aCurrie, R.J.
245 _aRepair and maintenance of reinforced concrete.
260 _aGarston, Watford
_bBuilding Research Establishment
_c1994
300 _aiii,33p. : ill. ; 30cm.
350 _a30
490 _aBRE Building Renewal
_v254
490 _aBuilding
_v254 Research Establishment Report
650 _aCONCRETE REPAIR
650 _aREINFORCED CONCRETE
690 _aBUILDING AND CONSTRUCTION-REPAIRS AND MAINTENANCE
700 _aRobery, P.
710 _aBuilding Research Establishment
942 _n0
948 _c04/03/1997
999 _c90478
_d90478